000 00599nam a22001457a 4500
999 _c533606
_d533606
008 260608b ||||| |||| 00| 0 eng d
100 _aSaghar, Amol
_961056
245 _aHow the Indian empire was unmade: A history of borders carved with ink and fire
260 _aThe Book Review
300 _a49(8), Aug, 2025: p.39-41
520 _aShattered lands: Five partitions and the making of modern Asia by Sam Dalrymple, William Collins (an imprint of Harper Collins publishers), 2025, 520pp. Rs.799.00. – Reproduced
773 _aThe Book Review
906 _aBOOK REVIEW
942 _cAR